000 00620nam a2200205Ia 4500
005 20250508164007.0
008 008 250505s9999 xx 000 0 eng d
037 _aTextBook
040 _aFEDL
_beng
_cFEDL
041 _aeng
_2eng
084 _a370.92, SHA
_qFEDL
100 _aSharma Yoendra K
_9776990
245 0 _aDoctrines of the great western educatiors : Plato to Bertrand Russell
260 _aDelhi, India
_bKanishka Publishing House
_c2002
300 _axvii,509p
365 _aINR
_b995
650 _aEducation; Biography
_9772666
942 _cTB
_h370.92, SHA
999 _c1386472
_d1386472